City by Taxi - Statistics

General Stats
  • This quiz has been taken 77 times
  • The average score is 4 of 9
Answer Stats
Picture Answer % Correct
New York
98%
London
93%
Hong Kong
49%
Shanghai
44%
Moscow
42%
Mexico City
38%
Mumbai
36%
Kolkata
25%
Barcelona
18%
No matching quizzes found
Score Distribution
Percent of People with Each Score
Percentile by Number Answered
Your Score History
You have not taken this quiz